01928cam a22004334i 4500003000900000005001700009008004100026035001900067035001900086040004300105082001800148100004500166245021400211264009200425300003900517336002100556337002500577338002300602490007800625500023800703526000900941526000900950526000900959526000900968526000900977526000900986526000800995526000801003526000801011526000801019526000801027526000801035650007001043710008201113942001201195980011001207999001701317952016001334PE-LiUPU20250731184611.0150625s r 000 0 spa d a(Sirsi) a34655 a(Sirsi) a34655 aPE-LiUPUbspacPE-LiUPUerdadPE-LiUPU04a985.04bD2211 aTemple, Ella Dunbar,d1917-1998,eautor.13aLa universidad de San Marcos en el proceso de la emancipación peruana :bPrólogo a "La Universidad" - Tomo XIX (Vols. 1-3) de la Colección Documental de la Independencia del Perú /cElla Dunbar Temple. 1aLima :bComisión Nacional del Sesquicentenario de la Independencia del Perú,c1974. a191 páginas :c24 centímetros. atext2rdacontent aunmediated2rdamedia avolume2rdacarrier0 aColección Documental de la Independencia del Perú ;vT XIX, Prólogo aTítulo tomado de la cubierta. Título de la portada: "Tomo XIX. La Universidad. Libros de posesiones de cátedras y actos académicos, 1789-1826. Grados de bachilleres en cánones y leyes. Grados de abogados. Volúmenes 1 - 3" aP136 aP135 aP134 aP133 aP144 aP143 aP87 aP35 aP20 aP14 aP10 aP0604aUniversidadzPerúxHistoria.vCrítica, interpretación, etc. aComisión Nacional del Sesquicentenario de la Independencia del Perú91028 2ddccBK 81gALBERTO SANCHEZ Responsable de Automatización618226aJaime Vilcazán Jefe de Análisis Documental c61771d61771 r2025-12-03 00:00:00l0o985.04 Dp81378te1v15.00w2023-05-10xFACIHEDyBKzinventario-2023-12-13102ddc3t19p50708GENfP14aBULbBULcGENd2021-01-04